Quick Pick: Indianapolis Colts QBs Quiz Stats

 Plays Quiz Updated Oct 6, 2019

Score 0/9 Timer 01:00
0 Plays Today
% Correct
Manning, Peyton
93.5%
Luck, Andrew
93.4%
Unitas, Johnny
85.3%
Harbaugh, Jim
80.4%
Brissett, Jacoby
79.1%
George, Jeff
75.6%
Morrall, Earl
64%
Jones, Bert
57.8%
Pagel, Mike
50%

Today's Daily Dose

You're not logged in!

Compare scores with friends on all Sporcle quizzes.
OR
Log In

Sporcle TV

Today on Sporcle TV


Watch our educational content, quiz creation guides, and fun videos on Sporcle TV.

Show Comments

Extras

Top Quizzes Today


Score Distribution

Your Account Isn't Verified!

In order to create a playlist on Sporcle, you need to verify the email address you used during registration. Go to your Sporcle Settings to finish the process.

Report this User

Report this user for behavior that violates our Community Guidelines.

Details: